| 000 | 00560nam a22001697a 4500 | ||
|---|---|---|---|
| 005 | 20170517114651.0 | ||
| 010 | _aENG-118195 | ||
| 020 |
_a9789382549154 _c400.00 |
||
| 035 | _aEN-101727 | ||
| 037 | _bDBAD/PUB | ||
| 082 | _a338.6420954 | ||
| 245 |
_aImpact of globalisation on micro, small and medium enterprises(MSMEs) in india / _cEdited by Rajib Lahiri And Avik Ranjan Roy |
||
| 260 |
_aKolkata _bRachayita _c2013 |
||
| 270 | _a59/5 Garfa Main Road, Kolkata-700075 | ||
| 300 |
_a203p _c22cm.(Hb) |
||
| 942 |
_2ddc _cEN _h338.6420954 _mIMP |
||
| 999 |
_c139998 _d139998 |
||